Los levantamientos populares en Francia en el siglo XVII / (Record no. 121605)

MARC details
000 -LEADER
campo de control de longitud fija 00723nam a2200217 4500
001 - NÚMERO DE CONTROL
campo de control 121605
003 - IDENTIFICADOR DE NÚMERO DE CONTROL
campo de control ES-MaACL
005 - FECHA Y HORA DE LA ÚLTIMA TRANSACCIÓN
campo de control 20230906191801.0
007 - CAMPO FIJO DE DESCRIPCIÓN FÍSICA--INFORMACIÓN GENERAL
campo de control de longitud fija t|
008 - DATOS DE LONGITUD FIJA--INFORMACIÓN GENERAL
campo de control de longitud fija 070214s1978 sp r ||||1| spa d
100 1# - ENTRADA PRINCIPAL--NOMBRE DE PERSONA
Nombre de persona Porshnev, Boris.
9 (RLIN) 93171
245 14 - MENCIÓN DEL TÍTULO
Título Los levantamientos populares en Francia en el siglo XVII /
Mención de responsabilidad, etc. por Boris Porshnev ; traducción de Andrés López Accotto.
250 ## - MENCION DE EDICION
Mención de edición 1ª. ed.
260 ## - PUBLICACIÓN, DISTRIBUCIÓN, ETC.
Lugar de publicación, distribución, etc. Madrid :
Nombre del editor, distribuidor, etc. Siglo Veintiuno,
Fecha de publicación, distribución, etc. 1978.
300 ## - DESCRIPCIÓN FÍSICA
Extensión 368 p. ;
Dimensiones 20 cm +
Material acompañante/anejo 5 map.
490 1# - MENCIÓN DE SERIE
Mención de serie Historia de los movimientos sociales
700 1# - ENTRADA AGREGADA--NOMBRE PERSONAL
Nombre de persona López Accotto, Andrés.
9 (RLIN) 73381
830 0# - PUNTO DE ACCESO ADICIONAL DE SERIE-TÍTULO UNIFORME
Título uniforme Historia de los movimientos sociales
9 (RLIN) 180737
852 ## - LOCALIZACIÓN
Ubicación ES-MaACL
Número de control de estantería A-8902
Sublocalización o colección R.97937
Holdings
Estatus retirado Estado de pérdida Estado de daño No para préstamo Biblioteca de origen Biblioteca actual Ubicación en estantería Fecha de adquisición Fuente de adquisición Total de préstamos Signatura topográfica completa Código de barras Visto por última vez Precio de reemplazo Tipo de ítem Koha
        Biblioteca del Ateneo de Madrid Biblioteca del Ateneo de Madrid Depósito 1 17/01/2008     A-8902 1126728 23/02/2023 23/02/2023 Libro impreso